1527 1460 1138 1872 1289 1892 1435 1663 1771 1825 1091 1198 1209 1416 1153 1768 1788 1533 1720 1087 1778 1593 1372 1691 1788 1810 1189 1827 1746 1478 1326 1579 1473 1038 1516 1202 1105 1506 1049 1621 1712 1717 1438 1299 1785 1082 1022 1224 1773 1689 1389 1582 1686 1973 1285 1573 1023 1899 1834 1644 1975 1730 1387 1494 1217 1449 1074 1101 1119 1495 1667 1402 1359 1151 1497 1812 1522 1470 1497 1069 1146 1321 1550 1981 1497 1074 1545 1855 1776 1097 1802 1746 1452 1233 1179 1662 1821 1547 1406 BCNSPRNW ULIB Ver.6.0+V

เปลี่ยนเป็นภาษาไทย

Change to English
 แสดงรายละเอียดบรรณานุกรม
  กลับหน้าหลัก

Brief Record : Get Marc (ISO 2709) : E-mail record : QR code < ปิดหน้าต่าง
LEADER : 00000nam 2200000uu 4500
001    13399110755
003     ULIB
008    110608s2552||||th 000 0 tha d
020    9786110401623
060 04 WM105.5^bน195ด 2552
100 0  นภัทร พุกกะณะสุต
245 10 เด็กพิเศษ ช่วยได้ไม่ยาก /^cนภัทร พุกกะณะสุต
250    พิมพ์ครั้งที่ 1
260    กรุงเทพฯ :^bนานมีบุ๊คส์พับลิเคชั่น,^c2552
300    301 หน้า
650  2 Autism, Infantile
650  7 เด็กพิเศษ^xการดูแล
650  7 เด็กสมาธิสั้น
945    ^p175^l0^i026294
945    ^p175^l0^i026295
995    ทศพร
999 ^a ใช้งานได้ทุกระบบ
รายการนี้ยังไม่มีแท็ก
คุณยังไม่ได้ล็อกอิน คุณสามารถมีกิจกรรมร่วมกับเว็บไซต์ได้ แต่ต้องล็อกอินก่อน ::
  ล็อกอิน

รายการสื่อสารสนเทศ

ลำดับที่ ประเภท เลขเรียก/บาร์โค้ด สถานที่ สถานะ
- ไม่พบข้อมูล -

รายการใกล้เคียง
    ผู้แต่ง [นภัทร พุกกะณะสุต]

    หัวเรื่อง [Autism, Infantile]
    หัวเรื่อง [เด็กสมาธิสั้น]

BibComment


ยังไม่เคยถูกคอมเมนท์

คอมเมนท์ทรัพยากรรายการนี้
  คอมเมนท์: เด็กพิเศษ ช่วยได้..


 Copyright 2026. Bcnsprnw @Library